00543nam a2200193Ia 4500003000400000005001700004008004100021040001800062041000800080082002100088100002100109245005000130250000800180260003800188300002500226650002900251650003900280650003000319OSt20240528094229.0210716s1978 xx 000 0 und d cAIMIT LIBRARY aeng a374.22 21bPOTR aPotter, Ralph B. aWar and moral discourse /cBy Ralph B Potter. a1st aU S A :bJohn knox press ,c1978. a123p. ;bPBc20.4 cm aTemptations to relevance aUses and abuses of moral discourse aContinuing moral dilemmas